00180nam a2200073Ia 4500100001500000245004800015260003100063300001200094 aYazdani, G aEarly history of the Deccan /cby G Yazdani c1960.aNew York :bOxford, a855p. :